000 00320 a2200157 4500
001 49766
020 _a9786580082117
040 _cAnchieta - Bela Vista
100 _aSanda, Fabiane
240 1 0 _aUnaware
_lpor
245 1 0 _aUnaware
300 _a65
362 0 _a2019
650 4 _aLiteratura infantil
942 _cBK
999 _c49766
_d49766